000 00438nam a2200181Ia 4500
003 0100
008 130303s9999 xx 000 0 und d
040 _cARRUPELIB
050 _aBV4390.G613
100 _aGorres, Ida Friederike (Coudenhove)
245 _aIs celibacy outdated?
260 _aWestminster MD
260 _bNewman Pr.
260 _C1965
300 _a95p
700 _atr. by Barbara Waldstein-Wartenberg
942 0 0 _01
999 _c39764
_d39764